| 000 | 01013nam a22002057a 4500 | ||
|---|---|---|---|
| 003 | OSt | ||
| 005 | 20161104095858.0 | ||
| 008 | 150408b xxu||||| |||| 00| 0 eng d | ||
| 040 | _cBMC | ||
| 082 | _a658 | ||
| 100 | 1 |
_940250 _aMorales de Ramírez, Elsa Estela |
|
| 245 | 1 | 0 |
_aDesarrollo de un plan estratégico de marca para la empresa Ramírez Company S.A. de C.V. ubicada en el kilómetro 80, carretera panamericana de Chalchuapa a Santa Ana.- _b: proyecto _cElsa Estela Morales de Ramírez |
| 260 |
_aSanta Ana (El Salvador) _bUniversidad Católica de El Salvador _c2016 |
||
| 300 |
_a37 + [14] h. _bil. col _c28 cm _e+ 1 disco compacto |
||
| 500 | _aPrecede al tít.: Universidad Católica de El Salvador, Facultad de Ciencias Empresariales | ||
| 502 | _aTrabajo de graduación para optar al grado académico de Licenciatura en Mercadeo y Negocios Internacionales | ||
| 650 | 2 | 4 |
_94915 _aGestión |
| 710 | 2 |
_91067 _aUniversidad Católica de El Salvador _bFacultad de Ciencias Empresariales |
|
| 942 |
_2ddc _cTG |
||
| 999 |
_c26358 _d26358 |
||